Estudio del modelo inclusivo de niños con Necesidades Educativas Especiales (NEE) implementado en los jardínes JUNJI : caso San Bernardo

Para el desarrollo integral de un país es fundamental considerar todas las Diferentes particularidades de sus HABITANTES, siendo el velar por la inclusión armónica de todos los sectores de la nación una tarea de Estado, asegurando la igualdad de oportunidades en la vida nacional para todos. También...

Full description

Bibliographic Details
Main Author: Escobar Quezada, Jorge
Other Authors: Acevedo Cornejo, José Pablo (profesor guía)
Format: Tesis
Language:Spanish
Published: Santiago, Chile: Universidad Academia de Humanismo Cristiano, 2010.
Subjects:
Online Access:Disponible en línea (PDF). Biblioteca Digital UAHC

MARC

LEADER 00000nmm a22000007a 4500
001 043001
003 UAHC_CL
005 20220804091535.0
008 100512s2010 cl o d 000 spa
040 |a UAHC_CL  |c UAHC_CL  |d UAHC_CL 
100 1 |a Escobar Quezada, Jorge 
245 1 0 |a Estudio del modelo inclusivo de niños con Necesidades Educativas Especiales (NEE) implementado en los jardínes JUNJI :  |b caso San Bernardo  |c Jorge Escobar Quezada; profesor guía Pablo Acevedo Cornejo. 
260 |a Santiago, Chile:  |b Universidad Academia de Humanismo Cristiano,  |c 2010. 
300 |a 98 páginas. 
500 |a Tesis para optar al título de Administrador/a Público/a y al grado de Licenciado/a en Ciencias Políticas y Administrativas. 
502 |a Tesis (Administración Pública) --Universidad Academia de Humanismo Cristiano, 2010. 
516 |a Tesis electrónica (PDF). Solicitar envío de documento a biblioteca@academia.cl. 
520 |a Para el desarrollo integral de un país es fundamental considerar todas las Diferentes particularidades de sus HABITANTES, siendo el velar por la inclusión armónica de todos los sectores de la nación una tarea de Estado, asegurando la igualdad de oportunidades en la vida nacional para todos. También así lo es la educación, ya que este derecho esta asegurado constitucionalmente para todas las personas sin distinción. En este proceso, es fundamental incorporar a todos los habitantes, siendo la educación parvularia la primera instancia de educación de las personas y para lograr una inclusión optima, que considere todas las necesidades educativas particulares de los chilenos. 
650 0 |a Educación especial  |9 13943  |z Chile 
650 0 |a Métodos de enseñanza  |9 2225 
700 1 |a Acevedo Cornejo, José Pablo  |e profesor guía 
856 |u http://bibliotecadigital.academia.cl/xmlui/handle/123456789/2268  |y Disponible en línea (PDF). Biblioteca Digital UAHC 
900 |a TADPU 146 
942 |c TS 
952 |0 0  |1 0  |4 0  |6 TADPU_146_000000000000000  |7 0  |8 COMP  |9 80438  |a BC  |b BC  |c Digital  |d 2017-08-03  |o TADPU 146  |r 2019-01-02 00:00:00  |w 2017-08-03  |y TS  |z Documento en PDF  |B ADM 
999 |c 43001  |d 43001